00767nam a22002057a 4500003000400000005001700004008004100021020001400062040007200076050002200148110004700170245002300217260010400240300003500344500007400379500001500453630003200468650003000500710003100530OSt20110718134418.0100316t xxu||||| |||| 00| 0 eng d a996600161 aNEGST Library - KenyacNEGST Library - KenyadNEGST Library - Kenya14aBS 325b.M37 200820aBible Translation & Literacy, East Africa.10aAraruut nyoo Reel. aNairobi, Kenya :bBible Translation and Literacy (E.A.) and Wycliffe Bible Translators, USA,c2008. avii, 730 p.bill, mapsc22 cm. a"The New Testament in the Marakwet language of Kenya." - T.p. verson. a[Africana] aBible. N.T. Marakwet. 2008. aMarakwet languagevTexts.20aWycliffe Bible Translators